书目信息 |
| 题名: |
神探福尔摩斯
|
|
| 作者: | 阿瑟·柯南道尔 著 ;徐潜 主编 | |
| 分册: | ||
| 出版信息: | 长春 吉林文史出版社 2009.01 |
|
| 页数: | 162页 | |
| 开本: | 21cm | |
| 丛书名: | ||
| 单 册: | ||
| 中图分类: | I561.45 | |
| 科图分类: | ||
| 主题词: | 文学 | |
| 电子资源: | ||
| ISBN: | 978-7-80702-176-6 | |
| 000 | 00700nam0 2200217 450 | |
| 001 | 1146487624 | |
| 005 | 20120326161130.95 | |
| 010 | @a978-7-80702-176-6@dCNY28.50 | |
| 100 | @a20111226d2009 km y0chiy0120 ea | |
| 101 | 0 | @achi |
| 102 | @aCN@b220000 | |
| 105 | @ay z 000yy | |
| 200 | 1 | @a神探福尔摩斯@Ashen tan fu er mo si@f(英)阿瑟·柯南道尔著@F(ying)a se·ke nan dao er zhu@g徐潜主编@Gxu qian zhu bian |
| 210 | @a长春@c吉林文史出版社@d2009.01 | |
| 215 | @a162页@d21cm | |
| 606 | 0 | @a文学 |
| 690 | @aI561.45@v4 | |
| 701 | 0 | @a阿瑟·柯南道尔@Aa se·ke nan dao er@4著 |
| 702 | 0 | @a徐潜@Axu qian@4主编 |
| 801 | 0 | @aCN@b大连网信软件有限公司图书馆·11@c20120326 |
| 905 | @aZUCC@dI561.45@eA1705@f3 | |
| 神探福尔摩斯/(英)阿瑟·柯南道尔著/徐潜主编.-长春:吉林文史出版社,2009.01 |
| 162页;21cm |
| ISBN 978-7-80702-176-6:CNY28.50 |
| ● |
| 相关链接 |
|
|
|
正题名:神探福尔摩斯
索取号:I561.45/A1705
 
预约/预借
| 序号 | 登录号 | 条形码 | 馆藏地/架位号 | 状态 | 备注 |
| 1 | 1068303 | 210683036 | 文学库116/116文学库 20排4列3层/ [索取号:I561.45/A1705] | 在馆 | |
| 2 | 1068304 | 210683045 | 文学库116/116文学库 20排4列3层/ [索取号:I561.45/A1705] | 在馆 | |
| 3 | 1068305 | 210683054 | 社科二线422/116文学库 20排4列3层/ [索取号:I561.45/A1705] | 在馆 |